The Walking Dead Quotes - Statistics

General Stats
  • This quiz has been taken 81 times
  • The average score is 12 of 15
Answer Stats
Hint Answer % Correct
“Before mom died she told me I was going to beat this world, but I didn’t” Carl
100%
“That’s the third time your putting that thing to my head, you ‘gonna pull the trigger this time?” Daryl
98%
“Little pig, little pig let me in!” Negan
98%
“We have to tell ourselves, we are The Walking Dead.” Rick
98%
“Just look at the flowers Lizzie, just look at the flowers.” Carol
94%
“All I see is that bat coming down on his head, him calling my name, you mocking him while he’s dying. I’m not going to ever forgive you, but I’m trying I promise.” Maggie
92%
“ Language! I’m a kid, @$$hole.” Judith
88%
“God is not here anymore” Gabriel
86%
“Your stupid, and stupid gets you killed Michonne
77%
“She’ll come back! I didn’t hurt her brain.” Lizzie
75%
“Who’s Deanna?” Abraham
70%
“Alexandria will not fall! Not on this day.” King Ezekiel
66%
“Whenever you bit that piece of $h*t’s throat out, that @$$hole in the church with the red machete that’s the $h*t I want from you” Shane
66%
“Well pretty soon you’re ‘gonna be crapping our khakis.” Eugene
38%
“Well I bet Albert is on perimeter watch.” Gareth
36%
No matching quizzes found
Score Distribution
Percent of People with Each Score
Percentile by Number Answered
Your Score History
You have not taken this quiz